| 000 | 00353nam a2200133Ia 4500 | ||
|---|---|---|---|
| 005 | 20260328104252.0 | ||
| 008 | 260328s9999||||xx |||||||||||||| ||und|| | ||
| 100 | _aBest, Kathryn | ||
| 245 | 0 |
_aFundamentos del Management del Diseño / _cKathryn Best |
|
| 260 | _bParramón | ||
| 300 | _a208 p. | ||
| 650 | _aDISEÑO INDUSTRIAL - ELEMENTOS | ||
| 942 | _cBK | ||
| 999 |
_c10298 _d10298 |
||